| Tag |
First Indicator |
Second Indicator |
Subfields |
| LEADER |
00000cam a2200000 a 4500 |
| 001 |
in00000087083 |
| 005 |
20151008064726.0 |
| 008 |
800529s1980 txua b 00110 engm |
| 010 |
|
|
|a 79055225
|
| 020 |
|
|
|a 0256022909
|
| 035 |
|
|
|a (OCoLC)06421104
|
| 035 |
|
|
|9 AAK4689AM
|
| 040 |
|
|
|a DLC
|c DLC
|d m.c.
|d TXA
|d UtOrBLW
|
| 043 |
|
|
|a n-us---
|
| 049 |
|
|
|a TXAM
|c [1362177]
|
| 050 |
0 |
0 |
|a HF5415.3
|b .H42
|
| 082 |
0 |
|
|a 658.83/42
|
| 100 |
1 |
|
|a Hawkins, Del I.
|
| 245 |
1 |
0 |
|a Consumer behavior :
|b implications for marketing strategy /
|c Del I. Hawkins, Kenneth A. Coney, Roger J. Best.
|
| 264 |
|
1 |
|a Dallas, Tex. :
|b Business Publications ;
|a Georgetown, Ont. :
|b Irwin-Dorsey,
|c 1980.
|
| 300 |
|
|
|a xv, 548p :
|b illustrations ;
|c 25 cm.
|
| 336 |
|
|
|a text
|b txt
|2 rdacontent
|
| 337 |
|
|
|a unmediated
|b n
|2 rdamedia
|
| 338 |
|
|
|a volume
|b nc
|2 rdacarrier
|
| 500 |
|
|
|a Includes bibliographical references and indexes.
|
| 500 |
|
|
|a Illustrations on lining papers.
|
| 650 |
|
0 |
|a Consumers
|z United States.
|
| 650 |
|
0 |
|a Market surveys
|z United States.
|
| 700 |
1 |
|
|a Coney, Kenneth A.
|
| 700 |
1 |
|
|a Best, Roger J.
|
| 999 |
|
|
|a MARS
|
| 999 |
f |
f |
|s 0058080c-0b26-3bd7-b400-ca7e1b42e255
|i d594029b-9a09-34ee-b0fd-bde662afd080
|t 0
|
| 952 |
f |
f |
|p ric
|a Texas A&M University
|b Rellis Campus
|c Joint Library Facility
|d Remote Storage
|t 0
|e HF5415.3 .H42
|h Library of Congress classification
|i unmediated -- volume
|m A14806134537
|
| 998 |
f |
f |
|a HF5415.3 .H42
|t 0
|l Remote Storage
|